000 01248nam a2200241Ii 4500
003 JO-AjNU
005 20240625110141.0
008 230605s9999||||xx |||||||||||||| ||und||
040 _aJO-AjNU
_bara
_erda
_cJO-AjNU
041 _aara
050 1 4 _aHD8039.2022
100 1 _aعدوان،سناء عبدالله سليمان
_965607
245 1 0 _aاثر الاستغراق الوظيفي على االمواطنة التنظيمية لدى العاملين في شركات قطاع التأمين في الاردن = The Impact of Job Invovement on Organizational Citizenship for Employees in Insurance Sector Companies in Jordan /
_cاعداد سناء عبدالله سليمان ؛ إشراف بدر عايد نمر القعيد
260 _c2022
300 _a102ورقة
336 _atext
_btxt
_2rdacontent
337 _aunmediated
_bn
_2rdamedia
338 _avolume
_bnc
_2rdacarrier
500 _aرسالة جامعية(اطروحة ماجستير) تخصص ادارة الاعمال/كلية ادارة الاعمال، جامعة عجلون الوطنية، 2022
650 7 _aالمواطنة التنظيمية-الاداء الوظيفي
_962436
700 1 _aالقعيد، بدر عايد
_964879
_eمشرف
942 _2lcc
_cTHS
999 _c31840
_d31840